| 000 | 00346nam a2200133 a 4500 | ||
|---|---|---|---|
| 005 | 20141022142009.0 | ||
| 008 | 120228s19uu xx 00 eng d | ||
| 050 |
_aCD _bAb8 2006 |
||
| 100 | _aAbraham, Stan | ||
| 245 |
_aStrategic analysis / _cStan Abraham, Tiffani Argandona. |
||
| 260 | _c2006. | ||
| 700 | _aArgandona, Tiffani | ||
| 942 | _cAVM | ||
| 999 |
_c276647 _d276647 |
||